Statistics for Players at the 2018 FIFA World Cup with Most Goals for their Country

Click here to take the quiz!

General Stats

  • This quiz has been taken 500 times
    (464 since last reset)
  • The average score is 16 of 28

Answer Stats

CountryPlayerGoals% Correct
PortugalCristiano Ronaldo81
100%
ArgentinaLionel Messi64
99%
BrazilNeymar54
98%
UruguayLuis Suárez50
94%
PolandRobert Lewandowski52
92%
UruguayEdinson Cavani42
87%
GermanyThomas Müller38
85%
EgyptMohamed Salah33
84%
MexicoJavier Hernández49
77%
BelgiumRomelu Lukaku30
76%
ArgentinaSergio Agüero37
74%
AustraliaTim Cahill50
73%
FranceOlivier Giroud31
71%
CroatiaMario Mandžukić30
68%
ArgentinaGonzalo Higuaín31
60%
ColombiaRadamel Falcao29
59%
JapanKeisuke Honda36
58%
JapanShinji Kagawa29
45%
GermanyMario Gómez31
40%
SpainDavid Silva35
38%
PeruPaolo Guerrero34
35%
PeruJefferson Farfan25
31%
JapanShinji Okazaki50
31%
MexicoAndrés Guardado25
17%
MexicoOribe Peralta26
11%
PanamaBlas Pérez43
9%
PanamaLuis Tejada43
7%
Saudi ArabiaMohammad Al-Sahlawi28
6%

Score Distribution

Percentile by Number Answered

Percent of People with Each Score

Your Score History

You have not taken this quiz since the last reset